|
|
|
|
| LEADER |
00882nam a2200217 a 4500 |
| 001 |
c000013139 |
| 003 |
CARM |
| 005 |
19930624000000.0 |
| 008 |
810324s1967 enk 000 0 eng d |
| 019 |
1 |
|
|a 2590061
|z 8086826
|z 53469984
|z 21923176
|5 LACONCORD2021
|
| 035 |
|
|
|a (OCoLC)999823
|5 LACONCORD2021
|
| 040 |
|
|
|a VCAV
|b eng
|c VCAV
|d NU
|
| 082 |
0 |
4 |
|a 813/.4
|
| 100 |
1 |
|
|a James, Henry,
|d 1843-1916.
|
| 245 |
1 |
4 |
|a The Bodley Head Henry James. Vol.2. The awkward age /
|c with author's preface and an introduction by Leon Edel.
|
| 246 |
3 |
|
|a The awkward age
|
| 260 |
|
|
|a London ;
|a Sydney :
|b Bodley Head,
|c 1967.
|
| 300 |
|
|
|a 429 p. ;
|c 20 cm.
|
| 852 |
8 |
|
|b CARM
|h A2:AJ05G0
|i A02200
|p 0101981
|j v.2
|f BK
|
| 999 |
f |
f |
|i 459d57fb-ed5b-5f91-a32f-a43fa880664e
|s 0d019a19-37f9-52c4-8afb-95a289673b3c
|
| 952 |
f |
f |
|p Can circulate
|a CAVAL
|b CAVAL
|c CAVAL
|d CARM 1 Store
|e A02200
|f A2:AJ05G0
|h Other scheme
|i book
|j v.2 held
|m 0101981
|